000 00718nam a2200265Ia 4500
003 OSt
005 20220928121950.0
006 a|||||r|||| 00| 0
007 ta
008 220927b |||||||| |||| 00| 0 eng d
020 _c0
024 _a112193
037 _bGIFT, 25/07/2011, Gift
_cTextual
040 _aSDCL
_cSDCL
_beng
041 _2eng
_aeng
082 _aB33:1, L4
100 _aHildebrand F B
_9455107
245 0 _aIntroduction to numerical analysis.
250 _a2
260 _aNew Delhi
_bTata McGraw-Hill
_c1978
300 _axiii,669p.
_ccm.
650 _aGift
_9391569
942 _hB33:1, L4
_cTEXL
_2CC
999 _c768780
_d768780